000 00501nam a2200181Ia 4500
008 240925s9999 xx 000 0 und d
020 _a70522634
082 _a006.3 RIC
100 _aRich , Elaine; Knight, Kevin
245 0 _aArtificial Intelligence
250 _a2nd
260 _aNew York:
_bMcGraw-Hill
_c,1992.
300 _axvii,620p.
_bNA
_fOriginal
500 _aIncludes Index
600 _aEngineering Technology
650 _aComputer science, information & general works
942 _cBK
999 _c2589
_d2589